| 000 | 00518nam a2200133Ia 4500 | ||
|---|---|---|---|
| 008 | 171212s9999 xx 000 0 und d | ||
| 100 | _aHayman Jr., Robert L. | ||
| 245 |
_cHayman Jr., Robert L. _aThe Smart Culture _bSociety, Intelligence, and Law |
||
| 260 |
_bNew York University Press _c1998 |
||
| 440 | _aCritical America | ||
| 650 | _aLaw | ||
| 650 | _aMental health laws -- United States; Mentally handicapped -- Civil rights -- United States; Culture and law | ||
| 856 | _uhttp://www.jstor.org/stable/j.ctt9qgb27 | ||
| 999 |
_c351567 _d351567 |
||